| 000 | 00763cam a2200217 i 4500 | ||
|---|---|---|---|
| 005 | 20251117123146.0 | ||
| 008 | 250721s2014 ua gr 000 0 ara d | ||
| 020 | _a9789776277762 | ||
| 082 | 1 | 4 |
_a210.202 _bع م ر |
| 100 | 1 |
_aالعمري، احمد خيري. _dمؤلف. |
|
| 245 | 1 | 0 |
_aيوم , شهر , سنة / _cد.أحمد خيري العمري. |
| 250 | _aالطبعة السادسة. | ||
| 264 | 3 | 1 |
_aالقاهرة : _bدار اجيال للنشر والتوزيع، _c2014. |
| 300 | _a62 صفحة. | ||
| 490 | 1 | _aسلسلة ضوء في المجرة. | |
| 650 | 1 | 7 | _aالإسلام. |
| 653 | _aالموجزات و المختصرات. | ||
| 830 | 0 | _aسلسلة ضوؤ في المجرة. | |
| 942 |
_2ddc _cBK |
||
| 999 |
_c132708 _d132708 |
||